Poučný rok pre agronomov Predžatevné úvahy akademika E. Špaldona

Bibliographic Details
Main Authors: Špaldon, Emil, 1918-2015 (Author), Orlíková, Hana (Author)
Format: Article
Language:Slovak
Subjects:

MARC

LEADER 00000nab a2200000 a 4500
001 vtls000034466
003 SK-MaSNL
005 20260304233915.0
008 111103c1979 xo 0 slo
015 |a SNBRB19rr/mm-uuuuu 
035 |a CL0044560 
040 |a SNKBUCL  |b slo  |c SNKBUCL  |e AACR2 
041 0 |a slo 
044 |a xo  |c SK 
080 |a 633.1  |2 1981 
100 1 |a Špaldon, Emil,  |d 1918-2015  |4 aut  |9 37203 
245 1 0 |a Poučný rok pre agronomov  |b Predžatevné úvahy akademika E. Špaldona  |c Emil Špaldon, Hana Orlíková 
650 0 7 |a obilniny  |2 snkbucl  |9 19007 
650 0 7 |a agrotechnika  |2 snkbucl  |9 680 
655 7 |a články z novín a časopisov  |2 snkbucl  |9 267496 
700 1 |a Orlíková, Hana  |4 aut  |9 204836 
773 0 |t Roľnícke noviny  |g Roč. 34, č. 161 (11. 7. 1979), s. 3 
850 |a Slovenská národná knižnica v Martine  |a MTA001 
852 |a SNK  |b KIS3GCP 
958 |a RK 
992 |a RBX 
999 |c 3200849  |d 3202779